ბათუმის შოთა რუსთაველის სახელმწიფო უნივერსიტეტის ბიბლიოთეკა

მშენებლობის ეკონომიკა : სახელმძღვ. / (ბიბ.ჩანაწერი № 40350)

000 -ლიდერი
ფიქსირებული სიგრძის საკონტროლო ველი 00942nam a2200217Ia 4500
001 - საკონტროლო ნომერი
საკონტროლო ველი 6958
003 - საკონტროლო ნომრის იდენტიფიკატორი
საკონტროლო ველი GE_BSU
005 - ბოლო ოპერაციის თარიღი და დრო
საკონტროლო ველი 20190530145942.0
008 - ფიქსირებული სიგრძის მონაცემთა ელემენტები - ზოგადი ინფორმაცია
ფიქსირებული სიგრძის საკონტროლო ველი 181216s1961|||| |||||||||||||| ||geo||
040 ## - კატალოგიზაციის წყარო
Transcribing agency GE_BSU
041 ## - ენის კოდი
Language code of text/sound track or separate title geo
080 ## - უნივერსალური ათობითი კლასიფიკაციის ინდექსი
Universal Decimal Classification number 338.45+69 შ-27
100 ## - მთავარი ჩანაწერი - პიროვნების სახელი
Personal name შასი, მ.ე.
9 (RLIN) 1831
245 ## - ცნობა სათაურის შესახებ
Title მშენებლობის ეკონომიკა : სახელმძღვ. /
Statement of responsibility, etc მ.ე. შასი ; სწავლ. რედ : ვ.მ. ილინი.
250 ## - გამოცემის ცნობა
Edition statement თარგმანი მეორე შევსებ. და გადამუშ. რუსული გამოც.
264 ## - წარმოების, გამოცემის, დისტრიბუციის და სხვა ცნობები
გამოცემის, წარმოების, დისტრიბუციის... ადგილი თბილისი :
გამოცემის, წარმოების, დისტრიბუციის... სახელწოდება ცოდნა,
გამოცემის, წარმოების, დისტრიბუციის... თარიღი 1961.
300 ## - ფიზიკური აღწერა
Extent 658 გვ .:
Dimensions 22 გვ.
653 ## - INDEX TERM--UNCONTROLLED
Uncontrolled term მშენებლობის ეკონომიკა
700 ## - ADDED ENTRY--PERSONAL NAME
Personal name ილინი, ვ.მ.
Relator term სწავლული რედაქტორი
9 (RLIN) 1832
942 ## - ADDED ENTRY ELEMENTS (KOHA)
Koha item type წიგნი
Source of classification or shelving scheme
ეგზემპლარები
ჩამოწერის სტატუსი დაკარგული ეგზემპლარის სტატუსი კლასიფიკაციის წყარო ან თაროზე გაწყობის სქემა დაზიანების სტატუსი არ გაიცემა მუდმივი მდებარეობა (დაცვის ადგილი) ამჟამინდელი ადგილსამყოფელი თაროზე განთავსების ადგილი შეძენის თარიღი ღირებულება, შესყიდვის ნორმალური ფასი სრული შენახვის შიფრი შტრიხკოდი ბოლო ოპერაციის თარიღი ეგზემპლარის მიმდევრობითი ნომერი (კეტერი?) ფასის ძალაში შესვლის თარიღი ეგზემპლარის სახეობა საჯარო შენიშვნა
          ტექნოლოგიური ფაკულტეტის ბიბლიოთეკა ტექნოლოგიური ფაკულტეტის ბიბლიოთეკა წიგნსაცავი 2018-12-17 2.00 338.45+69 შ-27 9742 2018-12-17 9742 2018-12-17 წიგნი 2 ლ. 80 თ.
          ტექნოლოგიური ფაკულტეტის ბიბლიოთეკა ტექნოლოგიური ფაკულტეტის ბიბლიოთეკა წიგნსაცავი 2018-12-17 2.00 338.45+69 შ-27 9743 2018-12-17 9743 2018-12-17 წიგნი 2 ლ. 80 თ.